Kreis Coesfeld | Städte und Gemeinden - Statistiken

Allgemein
  • Dieses Quiz wurde 107 mal gespielt
  • Das Durchschnittsergebnis liegt bei 7 aus 11
Antworten auf der Karte
Die Antworten werden auf der Karte rot bzw. grün angezeigt, abhängig davon wie oft sie richtig erraten wurden.
 
Antwortstatistiken
224.692 Kreis Coesfeld % Korrekt
37.030 Coesfeld
91%
47.468 Dülmen
77%
25.259 Lüdinghausen
72%
12.141 Havixbeck
64%
19.901 Nottuln
64%
11.681 Billerbeck
62%
15.822 Ascheberg
49%
10.402 Nordkirchen
49%
13.253 Olfen
47%
10.840 Rosendahl
45%
20.895 Senden
45%
Keine übereinstimmenden Quizze gefunden
Verteilung der Resultate
Anzahl Personen mit jedem Resultat
Perzentil nach korrekt beantworteten Fragen
Ihre Resultats-Entwicklung
Sie haben dieses Quiz noch nicht gespielt